Equipe du Japon de volley JO 2024 (Homme) - Statistiques

Statistiques générales
  • Ce quiz a été pris 20 fois
  • Le résultat moyen est 7 sur 13
Statistiques - réponses
Poste Joueur % Correct
Passeur Masahiro Sekita
82%
Pointu Yuji Nishida
82%
Réceptionneur-Attaquant Ran Takahashi
73%
Réceptionneur-Attaquant Yuki Ishikawa
73%
Pointu Kento Miyaura
64%
Libéro Tomohiro Yamamoto
64%
Central Kentaro Takahashi
55%
Central Akihiro Yamauchi
45%
Selectioneur Philippe Blain
45%
Central Taishi Onodera
36%
Réceptionneur-Attaquant Tatsunori Otsuka
27%
Passeur Akihiro Fukatsu
18%
Réceptionneur-Attaquant Masato Kai
18%
Aucun quiz correspondant
Distribution des résultats
% des personnes avec chaque résultat
Percentile par nombre de réponses
Votre historique - résultats
Vous n’avez pas pris ce quiz